000 00638nam a2200277Ia 4500
005 20260324120324.0
008 008 260324s9999 xx 000 0 eng d
020 _a9780429161025
037 _aEBOOK
040 _aCRL
040 _beng
040 _cCRL
041 _2eng
041 _aeng
084 _qCRL
100 _aB. Preetham Kumar
_91158111
245 0 _aCommunications System Laboratory
260 _bTaylor and Francis
260 _c2015
365 _a
365 _b195
856 _uhttp://www.taylorfrancis.com/books/9780429161025
942 _cEBOOK
999 _c1749577
_d1749577